MLB Teams Without Blue Or Red - Statistics

General Stats
  • This quiz has been taken 36 times
    19 since last reset
  • The average score is 5 of 7
Answer Stats
Answer % Correct
Pirates
82%
Orioles
76%
White Sox
76%
Giants
65%
Rockies
65%
Athletics
59%
Padres
59%
No matching quizzes found
Score Distribution
Percent of People with Each Score
Percentile by Number Answered
Your Score History
You have not taken this quiz since the last reset